Seminario : Creación de establecimientos de enseñanza técnica forestal y sus funciones en América Latina. 9 al 23 de julio de 1988 en Irati, Parana, Brasil /
Guardado en:
| Autor Principal: | |
|---|---|
| Formato: | Libro |
| Idioma: | Spanish |
| Publicado: |
Irati :
Deutsche Stiftung fur Internationale Entwicklung,
1989.
|
| Etiquetas: |
Agregar Etiqueta
Sin Etiquetas, Sea el primero en etiquetar este registro!
|
| LEADER | 00617nam a22001335a 4500 | ||
|---|---|---|---|
| 001 | EEA.libagro004439 | ||
| 005 | 20181120111338.0 | ||
| 008 | 130809s1989####bl############000#0#spa#d | ||
| 082 | 0 | 4 | |a 634.9071 |
| 100 | 1 | |a Fürstenberg, Peter Freiherr von. | |
| 245 | 1 | 0 | |a Seminario : |b Creación de establecimientos de enseñanza técnica forestal y sus funciones en América Latina. 9 al 23 de julio de 1988 en Irati, Parana, Brasil / |c dirección: Peter Frhr von Fürstenberg. |
| 260 | |a Irati : |b Deutsche Stiftung fur Internationale Entwicklung, |c 1989. | ||
| 300 | |a 128 p. ; |c 21 cm. | ||
| 859 | |a AR-BbBCA |b BIB. AGRONOMIA |h 634.9071 |i F991 |p 1991/1682 | ||
